000 00604nam a2200145Ia 4500
008 100122s9999 xx 000 0 und d
082 _b21982
_a923.254
100 _aदेवगिरीकर त्र्यं र
245 _a"वल्लभभाई पटेल, चरित्र व काळ"
260 _bभारत ग्रंथमाला प्रकाशन
_c1971
300 _a415
630 _a"वल्लभभाई पटेल, चरित्र व काळ"
730 _a"वल्लभभाई पटेल, चरित्र व काळ"
942 _cBOOK
999 _c409936
_d409933